| 000 | 00541nam a2200205Ia 4500 | ||
|---|---|---|---|
| 005 | 20250711170704.0 | ||
| 008 | 008 250516s9999 xx 000 0 eng d | ||
| 020 | _a9789386479174 | ||
| 040 |
_beng _cSDCL |
||
| 041 |
_aeng _2eng |
||
| 084 | _aI23 Q8 | ||
| 100 |
_aSethi, Inderjeet Kaur _9300625 |
||
| 245 | 0 | _aTextbook of fungi and their allies | |
| 250 | _a2nd ed. | ||
| 260 |
_aNew Delhi : _bMedtech, _c2018. |
||
| 300 | _axx, 532p. | ||
| 650 | _aMicrobiology | ||
| 700 |
_aWalia, Surinder kaur _9712228 |
||
| 942 |
_cTEXL _2CC |
||
| 999 |
_c1430214 _d1430214 |
||